|
|
|
|
| LEADER |
02970nam a22003853i 4500 |
| 001 |
EBC30509367 |
| 003 |
MiAaPQ |
| 005 |
20231204023230.0 |
| 006 |
m o d | |
| 007 |
cr cnu|||||||| |
| 008 |
231204s2023 xx o ||||0 ger d |
| 020 |
|
|
|a 9783110789539
|q (electronic bk.)
|
| 035 |
|
|
|a (MiAaPQ)EBC30509367
|
| 035 |
|
|
|a (Au-PeEL)EBL30509367
|
| 035 |
|
|
|a (OCoLC)1380735327
|
| 040 |
|
|
|a MiAaPQ
|b eng
|e rda
|e pn
|c MiAaPQ
|d MiAaPQ
|
| 100 |
1 |
|
|a Klengel, Susanne.
|
| 245 |
1 |
0 |
|a Berlin International :
|b Literaturszenen in der Geteilten Stadt (1970‒1989).
|
| 250 |
|
|
|a 1st ed.
|
| 264 |
|
1 |
|a Berlin/Boston :
|b Walter de Gruyter GmbH,
|c 2023.
|
| 264 |
|
4 |
|c {copy}2023.
|
| 300 |
|
|
|a 1 online resource (330 pages)
|
| 336 |
|
|
|a text
|b txt
|2 rdacontent
|
| 337 |
|
|
|a computer
|b c
|2 rdamedia
|
| 338 |
|
|
|a online resource
|b cr
|2 rdacarrier
|
| 505 |
0 |
|
|a Intro -- Inhalt -- Vorwort -- Berlin International: Literaturpolitik in den 1970er und 80er Jahren -- Chilenisches Exil in Berlin Ost ǀ Berlin West: Carlos Cerda und Antonio Skármeta -- ‚Tropische' Literatur entlang der Mauer: Das geteilte Berlin aus der Feder brasilianischer Autoren -- Armando aus Berlin: Ein niederländischer Künstler auf den Spuren der deutschen Geschichte -- Finnische und schwedische Autor:innen zwischen Ost- und Westberlin -- Berliner Miniaturen, Ost/West: Edoardo Sanguinetis Reisebilder (1972) -- Das Berlin der 1970er und 80er Jahre bei Jean- Michel Palmier: „Un lieu magique de désirs, de rêves et d'angoisse" -- Systemkonkurrenz als Katalysator: Strukturelle Bedingungen des triangulären Literaturtransfers zwischen Paris und dem geteilten Berlin in den 1980er Jahren -- „Weder diesseits noch jenseits zu Hause" - Schweizer Stipendiaten des Berliner Künstlerprogramms des DAAD und ihre Blicke auf die geteilte Stadt -- Witold Wirpsza: Ein polnischer Dichter in Westberlin -- Türkisch-deutsche literarische Begegnungen in Westberlin um 1980 -- Um den „Frieden" wetteifern: Die Zweite Berliner Begegnung 1983 und die Rolle von Čingiz Ajtmatov -- Schreiben in angekündigter Einsamkeit: Gao Xingjian als stiller Beobachter des Lebens -- Audre Lordes Berlin oder: Schreiben jenseits der Buchseite -- Black Surrealism in Ted Joansʼ Zeitschrift Dies und Das (Berlin 1984) -- Die Autor:innen.
|
| 588 |
|
|
|a Description based on publisher supplied metadata and other sources.
|
| 590 |
|
|
|a Electronic reproduction. Ann Arbor, Michigan : ProQuest Ebook Central, 2023. Available via World Wide Web. Access may be limited to ProQuest Ebook Central affiliated libraries.
|
| 655 |
|
4 |
|a Electronic books.
|
| 700 |
1 |
|
|a Müller-Tamm, Jutta.
|
| 700 |
1 |
|
|a Regeler, Lukas Nils.
|
| 700 |
1 |
|
|a Schneider, Ulrike.
|
| 776 |
0 |
8 |
|i Print version:
|a Klengel, Susanne
|t Berlin International
|d Berlin/Boston : Walter de Gruyter GmbH,c2023
|
| 797 |
2 |
|
|a ProQuest (Firm)
|
| 856 |
4 |
0 |
|u https://ebookcentral.proquest.com/lib/matrademy/detail.action?docID=30509367
|z Click to View
|